Hake: biology, fisheries and markets
Gardado en:
| Main Authors: | , |
|---|---|
| Formato: | Libro |
| Idioma: | inglés |
| Publicado: |
Londres
Chapman & Hall
1995
|
| Series: | Chapman and Hall Fish and Fisheries Series, 15
|
| Subjects: | |
| Tags: |
Engadir etiqueta
Sen Etiquetas, Sexa o primeiro en etiquetar este rexistro!
|
MARC
| LEADER | 00000nam a2200000 a 4500 | ||
|---|---|---|---|
| 001 | UCM8468 | ||
| 003 | CL-VaPUC | ||
| 008 | 030314e19950000UK |||||||||||||||||eng|d | ||
| 082 | 0 | 4 | |a 597.633 |b ALH |2 21 |
| 100 | 0 | |a Alheit, Jürgen |e author |9 474530 | |
| 700 | 0 | |a Pitcher, Tony J |e author |9 474531 | |
| 245 | 1 | 0 | |a Hake: biology, fisheries and markets |
| 300 | |a 478 p | ||
| 942 | |c BK | ||
| 945 | |d 20030314 00:00:00 |a cmena | ||
| 260 | |a Londres |b Chapman & Hall |c 1995 | ||
| 650 | 7 | |a MERLUZA |2 CL-VaPUC |9 462614 | |
| 650 | 0 | |a Industria pesquera |9 255432 | |
| 650 | 0 | |a Biología marina |9 259965 | |
| 650 | 0 | |a Recursos marinos |9 261196 | |
| 583 | |a last modification |c 20030314 00:00:00 |k Rodrigo Vera | ||
| 490 | 0 | |a Chapman and Hall Fish and Fisheries Series, 15 | |
| 999 | |c 302972 |d 302970 | ||
| 952 | |0 0 |1 0 |4 0 |6 597_633000000000000_ALH_1995 |7 0 |8 CCM |9 363860 |a BIBCUR |b BIBCUR |d 2019-11-21 |i 3882799 |o 597.633 ALH 1995 |p 3882799 |r 2025-04-22 |w 2019-11-21 |y BK |k CIM | ||